Gaming Quiz

Random Gaming or Video Games Quiz

Game Battle Medley Quiz Stats

 Plays Quiz Updated Aug 11, 2016

Also try: Mario Game Medley
Challenge
Share
Tweet
Score 0/30 Timer 16:00
0 Plays Today
Time in Medley Series/Game % Correct
BATTLE!:
0:00 - 0:19
Final Fantasy Series
94.1%
6:13 - 6:29Pokémon Series
38.4%
BOSS!:
4:27 - 4:42
Chrono Series
32.9%
1:05 - 1:19Paper Mario Series
31.3%
0:34 - 0:49Golden Sun Series
27.8%
5:21 - 5:38Super Mario RPG: Legend of the Seven Stars
26.4%
2:55 - 3:09Mother Series
25.9%
0:49 - 1:05Tales Series
19.5%
2:16 - 2:33Persona Series
18.6%
1:59 - 2:16The World Ends With You
17%
FINAL BOSS!:
7:20 - 7:41
Kingdom Hearts Series
16.1%
7:06 - 7:20Mana Series
14.8%
0:19 - 0:34Breath of Fire Series
14.1%
7:41 - 7:56Okami
13.4%
3:34 - 3:49Fire Emblem Series
12.2%
Time in Medley Series/Game % Correct
3:49 - 4:10Star Ocean Series
10.7%
4:42 - 5:04Lufia Series
10.2%
3:09 - 3:34Skies of Arcadia
9.2%
2:33 - 2:55Eternal Sonata
8.4%
6:29 - 6:49Xenogears
8%
6:49 - 7:06Baten Kaitos Series
7.2%
8:20 - 8:47Wild ARMs Series
7.1%
4:10 - 4:27Suikoden Series
6.6%
1:41 - 1:59Shining Series
6.6%
1:19 - 1:41Lunar Series
6.4%
5:38 - 5:52Phantasy Star Series
6.3%
5:04 - 5:21Valkyrie Profile Series
5.9%
8:47 - 9:18Grandia Series
5.6%
7:56 - 8:20Lost Odyssey
4.6%
5:52 - 6:13Vagrant Story
2.4%

You're not logged in!

Compare scores with friends on all Sporcle quizzes.
OR
Log In

You Might Also Like...

Show Comments

Extras

Top Quizzes Today


Score Distribution

Your Account Isn't Verified!

In order to create a playlist on Sporcle, you need to verify the email address you used during registration. Go to your Sporcle Settings to finish the process.

Report this User

Report this user for behavior that violates our Community Guidelines.

Details: